00497nam a2200193 a 4500001001300000003000900013005001700022008004100039020001000080082001800090100002800108245002100136260004000157300000900197500003500206505001700241650001700258700002800275nice12345678IN_TiNIC20260116012844.0050524s1980 bira grp 000 0 eng  ac10000a297.0947bAUG aAugustin, Archimandrite aIslam in Russia. aBirminghambSelly Oak Collegec1980 a11p. aincludes index and biblioraphy2 aBibliography aIslam-Russia1 aAugustin, Archimandrite